| 000 | 01166cam a2200229 4500 | ||
|---|---|---|---|
| 001 | J114936 | ||
| 008 | 011001n2001 000 0 eng u | ||
| 035 | _a(Sirsi) u114936 | ||
| 245 | _aPrime contracting : RICS Project Management Faculty annual debate | ||
| 260 |
_aLondon _bRICS _c2001 |
||
| 300 | _a1 audio CD (ca. 45 min.) | ||
| 350 | _a£12.00 | ||
| 490 | _aOwlion Audio Programme | ||
| 520 | _aThis Owlion audio CD provides and introduction to the principles and problems associated with prime contracting, on of the key methods of public procurement. Speakers include John Hicks of Davis Langdon and Everest, RICS Junior Vice President Chris Powell, Howard Lawrence of Defence Estates and Peter Ryan of the Office of Government Commerce. Concludes with a debate considering the implications for both the industry as a whole and surveyors chaired by Roger Waterhouse, Course Director of the RICS Postgraduate Diploma in Project Management. | ||
| 650 | _aGOVERNMENT PROCUREMENT | ||
| 650 | _aOWLION | ||
| 650 | _aPRIME CONTRACTING | ||
| 650 | _aProcurement-old | ||
| 650 | _aPUBLIC PROCUREMENT | ||
| 690 |
_aProject management _96261 |
||
| 942 | _n0 | ||
| 999 |
_c85419 _d85419 |
||